GED math workbook / (Record no. 836)

MARC details
000 -LEADER
fixed length control field 00855cam a2200265 a 4500
005 - DATE AND TIME OF LATEST TRANSACTION
control field 20260322212036.0
008 - FIXED-LENGTH DATA ELEMENTS--GENERAL INFORMATION
fixed length control field data
010 ## - LIBRARY OF CONGRESS CONTROL NUMBER
LC control number 00105682
020 ## - INTERNATIONAL STANDARD BOOK NUMBER
International Standard Book Number 0764560980
020 ## - INTERNATIONAL STANDARD BOOK NUMBER
International Standard Book Number 9780764560989
040 ## - CATALOGING SOURCE
Original cataloging agency DLC
Transcribing agency DLC
Modifying agency DLC
050 00 - LIBRARY OF CONGRESS CALL NUMBER
Classification number QA43
Item number .H415 2000
082 00 - DEWEY DECIMAL CLASSIFICATION NUMBER
Classification number 510/.76
Edition information 21
092 ## - LOCALLY ASSIGNED DEWEY CALL NUMBER (OCLC)
Classification number 510.76 H415 2000
001 - CONTROL NUMBER
control field data
100 1# - MAIN ENTRY--PERSONAL NAME
Personal name Herzog, David Alan.
245 10 - TITLE STATEMENT
Title GED math workbook /
Statement of responsibility, etc. David Alan Herzog & David Alan Herzog.
250 ## - EDITION STATEMENT
Edition statement 5th ed.
260 ## - PUBLICATION, DISTRIBUTION, ETC.
Place of publication, distribution, etc. Lawrenceville, NJ :
-- Lawrenceville, NJ :
Name of publisher, distributor, etc. Arco/Thomson Learning,
Date of publication, distribution, etc. c2000.
300 ## - PHYSICAL DESCRIPTION
Extent vi, 329 p. :
Other physical details ill. ;
Dimensions 28 cm.
500 ## - GENERAL NOTE
General note Rev. ed. of: GED mathematics workbook. 4th ed. c1998.
650 #0 - SUBJECT ADDED ENTRY--TOPICAL TERM
Topical term or geographic name entry element Mathematics
Form subdivision Examinations, questions, etc.
650 #0 - SUBJECT ADDED ENTRY--TOPICAL TERM
Topical term or geographic name entry element General educational development tests
Form subdivision Study guides.
700 1# - ADDED ENTRY--PERSONAL NAME
Personal name Herzog, David Alan.
Title of a work GED mathematics workbook.
Holdings
Withdrawn status Lost status Damaged status Not for loan Home library Current library Shelving location Date acquired Total checkouts Full call number Barcode Date last seen Price effective from Koha item type
        Springfield Springfield General stacks 22/03/2026   510/.76 21 BC0010860 22/03/2026 22/03/2026 Books